| 000 | 00438cas a2200145 4500 | ||
|---|---|---|---|
| 008 | 150112n eng u | ||
| 035 | _a(Sirsi) a187212 | ||
| 050 | _aPN 1993. FR4 | ||
| 245 | _aFilms in Review | ||
| 260 |
_aNew Jersey _bNational Board of Review of Motion Pictures, Inc |
||
| 310 | _aIrregular | ||
| 362 | _aVol. 21, No. 1, 1970 - Vol. 21, No. 10, 1970 | ||
| 520 | _aPublishes articles that review films | ||
| 650 | _aFilms | ||
| 999 |
_c9656 _d9656 |
||